[Event "Match"]
[Site "Cuernavaca MEX"]
[Date "2004.12.14"]
[Round "6"]
[White "Karjakin,Sergey"]
[Black "Nakamura,H"]
[Result "0-1"]
[WhiteElo "2576"]
[BlackElo "2620"]

1.e4 c5 2.Nf3 d6 3.d4 cxd4 4.Nxd4 Nf6 5.Nc3 a6 6.Be3 e6 7.f3 b5 8.g4 b4 9.Nce2 h6
10.c4 Nbd7 11.Qd2 Qc7 12.Rc1 Nc5 13.Bg2 g6 14.Ng3 e5 15.Nde2 Be6 16.b3 a5
17.h4 a4 18.Rb1 Nfd7 19.O-O Rb8 20.Rfc1 Be7 21.h5 g5 22.Bf2 axb3 23.axb3 O-O
24.Nf1 Ra8 25.Ne3 Rfc8 26.Ng3 Bf8 27.Bf1 Rcb8 28.Rc2 Ra3 29.Rcb2 Qa5 30.Ngf5 Bxf5
31.Nxf5 Ne6 32.Nxd6 Ndc5 33.Nb5 Rd8 34.Qc2 Ra1 35.Qc1 Rxb1 36.Qxb1 Rd7 37.Be3 Qd8
38.Rf2 Nf4 39.Qc2 Rd1 40.Rd2 Rxd2 41.Qxd2 Qxd2 42.Bxd2 Nxb3 43.Be3 Bc5 44.Kf2 Kf8
45.Bxc5+ Nxc5 46.Ke3 Nfe6 47.Be2 Ke7 48.Bd1 Kd7 49.Bc2 Nc7 50.Kd2 Kc6 51.Na7+ Kb7
52.Nb5 Nxb5 53.cxb5 Kb6 54.Bd1 Kxb5 55.Be2+ Ka4 56.Bc4 f6 57.Kc2 Ka3  0-1

[Event "128th NY Masters"]
[Site "New York USA"]
[Date "2005.01.04"]
[Round "2"]
[White "Braylovsky,G"]
[Black "Nakamura,H"]
[Result "1-0"]
[WhiteElo "2327"]
[BlackElo "2620"]

1.e4 d5 2.exd5 Qxd5 3.Nc3 Qa5 4.Nge2 Nf6 5.g3 c6 6.Bg2 Bf5 7.b4 Qc7 8.d4 e6
9.Bf4 Bd6 10.O-O O-O 11.Bxd6 Qxd6 12.b5 a6 13.bxa6 Nxa6 14.a4 Nb4 15.Rc1 Rfd8
16.Qd2 h6 17.Rfd1 e5 18.h3 exd4 19.Qxd4 Qe7 20.Qb6 Rxd1+ 21.Rxd1 Nfd5 22.Nxd5 Nxd5
23.Rxd5 cxd5 24.Nd4 Be4 25.Bxe4 Qxe4 26.a5 Qe1+ 27.Kg2 Rxa5 28.Nf3 Qa1 29.Qxb7 Qc3
30.Qd7 Qxc2 31.Qd8+ Kh7 32.Qxa5 Qe4 33.Qd2 Qe6 34.Qd3+ Kg8 35.g4 Qd6 36.Qd4 Qd7
37.Ne5 Qb5 38.Qa7 Qe8 39.Qd4 Qb5 40.Kg3 Qb3+ 41.Nf3 Qb7 42.Qe5 Qb5 43.Qe7 Qb8+
44.Kg2 Qa8 45.Qd7 d4 46.Qxd4 Qb7 47.Qd8+ Kh7 48.Qd3+ Kg8 49.Qd8+ Kh7 50.Qd6 Qb3
51.Qf4 Qb7 52.h4 Qc6 53.Kh3 Qc7 54.Kg3 Qb7 55.Kg2 Kg8 56.Qf5 Qa8 57.Qf4 Qb7
58.Qe5 Kh7 59.Kg3 Qb3 60.Qe8 g6 61.Qe5 Qd1 62.Qf6 Qb3 63.Kg2 Qd5 64.Kh2 Kg8
65.Kg3 Kh7 66.Ne5 Kg8 67.Nc6 Qd3+ 68.Kh2 Qe4 69.Ne5 Qb7 70.Nxg6 fxg6 71.Qxg6+ Kh8
72.Qxh6+ Kg8 73.Qf4 Kg7 74.h5 Kg8 75.Qg5+ Kh7 76.Qg6+ Kh8 77.Qf6+ Kg8 78.h6  1-0

[Event "128th NY Masters"]
[Site "New York USA"]
[Date "2005.01.04"]
[Round "4"]
[White "Nakamura,H"]
[Black "Wojtkiewicz,A"]
[Result "1-0"]
[WhiteElo "2620"]
[BlackElo "2539"]

1.e4 c5 2.Nf3 g6 3.d4 Bg7 4.dxc5 Qa5+ 5.c3 Qxc5 6.Na3 d6 7.Nb5 a6 8.Be3 Qc6
9.Na7 Qc7 10.Nxc8 Qxc8 11.Qb3 Nd7 12.Ng5 e6 13.Rd1 Qc7 14.Bf4 Be5 15.Be3 Nc5
16.Bxc5 dxc5 17.Qa4+ Ke7 18.Nxf7 b5 19.Bxb5 axb5 20.Qxa8 Kxf7 21.Rd8 Bf6
22.Rb8 Qe5 23.Rf8+ Kg7 24.O-O Qd6 25.Rc8 b4 26.Qa7+ Ne7 27.Rxc5 Ra8 28.Qxa8 Qxc5
29.cxb4 Qxb4 30.b3 Bd4 31.Qd8 e5 32.g3 Ng8 33.Qd7+ Kh8 34.Qf7 Qd2 35.a4 Bc3
36.Qf3 Qc2 37.Kg2 Qd2 38.Qf7 Qb2 39.Qc4 Qd2 40.Qc5 Bd4 41.Qd5 Kg7 42.Qd7+ Kh8
43.Qd6 Qc2 44.Qd5 Kg7 45.Qb7+ Kh6 46.Qf7 Qxe4+ 47.Qf3 Qc2 48.Qf8+ Kg5 49.h4+  1-0

[Event "Millennium Open"]
[Site "Virginia Beach USA"]
[Date "2005.02.26"]
[Round "2"]
[White "Smith,Bry"]
[Black "Nakamura,H"]
[Result "0-1"]
[WhiteElo "2339"]
[BlackElo "2613"]

1.e4 c5 2.Nf3 d6 3.d4 cxd4 4.Nxd4 Nf6 5.Nc3 a6 6.Bc4 b5 7.Bb3 Bb7 8.O-O Nbd7
9.Re1 Rc8 10.a4 b4 11.Nd5 g6 12.Nxb4 Bg7 13.Bd5 Qc7 14.c3 O-O 15.Bg5 e6 16.Bxb7 Qxb7
17.f3 Ne5 18.a5 Rc5 19.Bxf6 Bxf6 20.Nb3 Rb5 21.Nd4 Qa7 22.Kh1 Rb7 23.Ndc6 Nxc6
24.Nxc6 Qc5 25.Nb4 Ra8 26.f4 Rb5 27.Qf3 Bg7 28.e5 d5 29.Qe3 Qc7 30.Nd3 Rxa5
31.Rxa5 Qxa5 32.b4 Qb5 33.Ra1 Bf8 34.h3 Rc8 35.Ra5 Qc4 36.Nc5 Bxc5 37.bxc5 Rb8
38.Ra1 Rb3 39.f5 exf5 40.Qg5 Qxc5 41.Qd8+ Qf8 42.Qxd5 Rb5 43.Qd4 Qc8 44.Rxa6  0-1

[Event "Millennium Open"]
[Site "Virginia Beach USA"]
[Date "2005.02.27"]
[Round "4"]
[White "Blatny,P"]
[Black "Nakamura,H"]
[Result "1/2-1/2"]
[WhiteElo "2456"]
[BlackElo "2613"]

1.g3 c5 2.Bg2 g6 3.e4 Bg7 4.d3 Nc6 5.f4 d6 6.c3 Nh6 7.Qe2 f5 8.Nd2 O-O 9.Ngf3 Nf7
10.exf5 Bxf5 11.Nh4 Bd7 12.O-O e6 13.Ne4 Qe7 14.Be3 b6 15.Rae1 Rae8 16.Bd2 Ncd8
17.Nf3 Bc6 18.Bh3 Qb7 19.Neg5 Bd5 20.a3 b5 21.Rf2 a5 22.Bc1 b4 23.axb4 axb4
24.c4 Bxf3 25.Nxf3 Nh6 26.Ng5 Bd4 27.Be3 Nf5 28.Bxd4 Nxd4 29.Qf1 Kg7 30.g4 Nf7
31.Nf3 Nxf3+ 32.Rxf3 g5 33.Bg2 gxf4 34.Rxf4 Qe7 35.Qe2 Ne5 36.Re4 Qf6 37.Qe3 Ng6
38.d4 cxd4 39.Rxd4 e5 40.Rd2 Nf4 41.Be4 Rd8 42.Kh1 Ne6 43.Bd5 Nd4 44.Kg2 Kh8
45.h3 Qg7 46.Rf1 Nf5 47.Qd3 Qg5 48.Kg1 Ne3 49.Rxf8+ Rxf8 50.Rf2 Rxf2 51.Kxf2 Qf4+
52.Ke2 Nxd5 53.Qxd5 Qh2+ 54.Ke1 Qg3+ 55.Kd2  1/2-1/2

[Event "US Amateur Team East"]
[Site "Parsippany USA"]
[Date "2005.03.20"]
[Round "3"]
[White "Friedman,J"]
[Black "Nakamura,H"]
[Result "0-1"]
[WhiteElo "2194"]
[BlackElo "2613"]

1.e4 d5 2.exd5 Qxd5 3.Nc3 Qa5 4.d4 c6 5.Bc4 Bf5 6.Nf3 Nf6 7.Ne5 e6 8.O-O Nbd7
9.Re1 Nxe5 10.Rxe5 Qc7 11.h3 O-O-O 12.Bg5 h6 13.Bh4 Bd6 14.Re3 Bf4 15.Bg3 g5
16.Ne2 Rhg8 17.Ra3 Kb8 18.Nxf4 gxf4 19.Bh4 Rg6 20.Bf1 e5 21.c3 e4 22.Bxf6 Rxf6
23.c4 Rg6 24.Qh5 Bc8 25.d5 c5 26.Re1 Re8 27.Kh1 Qd8 28.Rc3 Qf6 29.a3 Re5
30.Qe2 Ka8 31.b4 Reg5 32.Qd2 e3 33.fxe3 f3 34.g4 f2 35.Re2 Qf3+ 36.Bg2 f1=Q+  0-1

[Event "7th Foxwoods Open"]
[Site "Connecticut USA"]
[Date "2005.03.23"]
[Round "1"]
[White "Nakamura,H"]
[Black "Casella,M"]
[Result "1-0"]
[WhiteElo "2613"]
[BlackElo "2267"]

1.c4 e5 2.Nc3 Nf6 3.g3 d5 4.cxd5 Nxd5 5.Bg2 Nb6 6.d3 Be7 7.Be3 O-O 8.Rc1 Kh8
9.Nf3 Nc6 10.O-O f5 11.Na4 Nxa4 12.Qxa4 Bd7 13.Qc4 Bf6 14.Nd2 Re8 15.Nb3 Nd4
16.Bxd4 exd4 17.Bxb7 Rb8 18.Bf3 Be6 19.Qa4 Rb6 20.Qxa7 Bxb3 21.Rxc7 Qb8 22.axb3 Rxb3
23.Qxb8 Rexb8 24.Rb1 g6 25.Ra1  1-0

[Event "7th Foxwoods Open"]
[Site "Connecticut USA"]
[Date "2005.03.25"]
[Round "4"]
[White "Stripunsky,A"]
[Black "Nakamura,H"]
[Result "0-1"]
[WhiteElo "2550"]
[BlackElo "2613"]

1.e4 c5 2.Nc3 d6 3.g3 g6 4.Bg2 Bg7 5.d3 Nc6 6.Nh3 Nh6 7.f3 Rb8 8.Be3 f6 9.Qd2 Nf7
10.Nf4 b5 11.h4 b4 12.Nd1 f5 13.h5 g5 14.h6 Bxh6 15.Nh5 fxe4 16.f4 gxf4 17.Bxf4 Bxf4
18.Qxf4 Nfe5 19.Bxe4 Qa5 20.Bxc6+ Nxc6 21.O-O Kd8 22.Qh6 Bh3 23.Ne3 Bxf1
24.Nc4 Qc7 25.Rxf1 Qd7 26.Nf4 Qg4 27.Nxd6 exd6 28.Qxd6+ Qd7 29.Qf6+ Kc7 30.Ne6+ Kb6
31.d4 cxd4 32.a4 Qd6 33.Rf5 a6  0-1

[Event "7th Foxwoods Open"]
[Site "Connecticut USA"]
[Date "2005.03.25"]
[Round "5"]
[White "Nakamura,H"]
[Black "Smirin,I"]
[Result "1-0"]
[WhiteElo "2613"]
[BlackElo "2644"]

1.e4 g6 2.d4 Bg7 3.Nc3 d6 4.f4 Nf6 5.Nf3 O-O 6.e5 Nfd7 7.h4 c5 8.h5 cxd4
9.hxg6 dxc3 10.gxf7+ Rxf7 11.Bc4 Nf8 12.Ng5 e6 13.Nxf7 cxb2 14.Bxb2 Qa5+
15.Kf1 Kxf7 16.Qh5+ Kg8 17.Bd3 Qb4 18.Rb1 Bd7 19.c4 Qd2 20.Bxh7+ Nxh7 21.Qxh7+ Kf8
22.Rh4  1-0

[Event "7th Foxwoods Open"]
[Site "Connecticut USA"]
[Date "2005.03.26"]
[Round "7"]
[White "Ibragimov,I"]
[Black "Nakamura,H"]
[Result "1/2-1/2"]
[WhiteElo "2603"]
[BlackElo "2613"]

1.d4 Nf6 2.c4 Nc6 3.Nf3 e6 4.e3 g6 5.Nc3 d6 6.b4 Bg7 7.b5 Ne7 8.Bb2 O-O 9.Be2 b6
10.O-O Bb7 11.a4 c5 12.bxc6 Nxc6 13.Ba3 Re8 14.Rb1 Rc8 15.Nb5 Bf8 16.d5 exd5
17.cxd5 Ne5 18.Nxa7 Nxd5 19.Nb5 Nxf3+ 20.Bxf3 Nc3 21.Nxc3 Bxf3 22.Qxf3 Rxc3
23.Bb4 Rc4 24.Qd5 Qc7 25.Rfd1 Qc6 26.Qxc6 Rxc6 27.Rd4 Ra8 28.Ba3 d5  1/2-1/2

[Event "Dos Hermanas Internet KO"]
[Site "ICC INT"]
[Date "2005.03.26"]
[Round "2.2"]
[White "Nakamura,H"]
[Black "Fridman,D2"]
[Result "1/2-1/2"]
[WhiteElo "2613"]
[BlackElo "2569"]

1.c4 e5 2.Nc3 Nf6 3.g3 c6 4.d4 exd4 5.Qxd4 d5 6.Bg2 dxc4 7.Qxc4 Be6 8.Qa4 Nbd7
9.Nf3 Nc5 10.Qc2 Qc8 11.O-O Be7 12.e4 O-O 13.Be3 Re8 14.Rfe1 h6 15.Rad1 Bg4
16.Rd2 Bf8 17.Nd4 Bh3 18.f3 Bxg2 19.Kxg2 g6 20.Bf2 Qc7 21.Red1 a5 22.Nde2 Ne6
23.a3 h5 24.Na4 h4 25.Be3 Bg7 26.Nf4 Qe5 27.Nb6 Rad8 28.Rxd8 Rxd8 29.Nc4 Nxf4+
30.Bxf4 h3+ 31.Kf2 Qe7 32.Rxd8+ Qxd8 33.Qd2 Qxd2+ 34.Bxd2 a4 35.e5 Nd5 36.f4 Bf8
37.Na5 Bc5+ 38.Kf3 Bd4 39.Nxb7 Bxb2 40.Nc5 Bxa3 41.Nxa4 f5 42.exf6 Nxf6 43.Be3 Kf7
44.g4 Ke6 45.Nb6 Bd6 46.Nc4 Bc7 47.Nb2 Nd5 48.Nd3 g5 49.f5+ Kf6 50.Bd4+ Kf7
51.Be5 Nb4 52.Bxc7 Nxd3 53.Bd8 c5 54.Bxg5 c4 55.Be3 c3 56.Ke4 Nb4 57.g5 c2
58.g6+ Kg7 59.Bd4+ Kh6 60.Bb2 Na2 61.Ke5 c1=Q 62.Bxc1+ Nxc1 63.Kf6 Nd3 64.g7 Kh7
65.Kf7 Ne5+ 66.Ke6 Ng4 67.f6 Kg8 68.Kf5 Nh6+ 69.Kg5 Nf7+ 70.Kh4 Nh6 71.Kh5 Nf7
72.Kg6 Ne5+ 73.Kg5 Nf7+ 74.Kh4 Ne5 75.Kxh3 Kf7 76.Kh4 Nd7 77.Kg5 Nxf6 78.Kh6 Ng8+
79.Kh7 Nf6+ 80.Kh8 Kg6 81.h4 Kh5 82.g8=Q Nxg8 83.Kxg8 Kxh4  1/2-1/2

[Event "Dos Hermanas Internet KO"]
[Site "ICC INT"]
[Date "2005.03.26"]
[Round "2.3"]
[White "Fridman,D2"]
[Black "Nakamura,H"]
[Result "1-0"]
[WhiteElo "2569"]
[BlackElo "2613"]

1.Nf3 Nf6 2.b3 g6 3.Bb2 Bg7 4.g3 O-O 5.Bg2 d6 6.d4 Nbd7 7.O-O e5 8.dxe5 Ng4
9.Qc1 Ngxe5 10.c4 Re8 11.Nc3 Rb8 12.Qd2 a6 13.Nxe5 Nxe5 14.Rfd1 Be6 15.Rac1 h5
16.Nd5 Bxd5 17.cxd5 Re7 18.Rc2 Qd7 19.Rdc1 Rc8 20.h3 Qd8 21.Bd4 Nd7 22.Bxg7 Kxg7
23.Qb4 b6 24.Qd4+ Kg8 25.b4 b5 26.f4 Re8 27.Qa7 Ra8 28.Qxc7 Qe7 29.e4 h4
30.gxh4 Rad8 31.Rc6 Qxh4 32.Rxd6 Qxf4 33.Rxg6+  1-0

[Event "Dos Hermanas Internet KO"]
[Site "ICC INT"]
[Date "2005.03.26"]
[Round "2.1"]
[White "Fridman,D2"]
[Black "Nakamura,H"]
[Result "1-0"]
[WhiteElo "2569"]
[BlackElo "2613"]

1.d4 Nf6 2.Nf3 g6 3.c4 Bg7 4.Nc3 O-O 5.g3 d5 6.cxd5 Nxd5 7.Bg2 Nb6 8.O-O Nc6
9.e3 Bd7 10.Qe2 Re8 11.Rd1 Qc8 12.b3 e5 13.dxe5 Bg4 14.Bb2 Nxe5 15.Rd2 c5
16.Nb5 Qf5 17.Bxe5 Bxe5 18.Rad1 a6 19.Nd6 Bxd6 20.Rxd6 Re6 21.h3 Bxf3 22.Qxf3 Rb8
23.Qxf5 gxf5 24.Rxe6 fxe6 25.Rd6 c4 26.bxc4 Nxc4 27.Rxe6 Kg7 28.Re7+ Kg6
29.Bxb7 a5 30.Bd5 Nd2 31.Kg2 Rb5 32.Rd7 Rb2 33.a4 h6 34.Ra7 Nb1 35.Rxa5 Nc3
36.Ra6+ Kg7 37.Bf3 Ra2 38.a5 Nb5 39.Rc6  1-0

[Event "13th Sigeman & Co"]
[Site "Copenhagen/Malmoe DEN"]
[Date "2005.04.15"]
[Round "1"]
[White "Nakamura,H"]
[Black "Hansen,Cu"]
[Result "1/2-1/2"]
[WhiteElo "2657"]
[BlackElo "2633"]

1.c4 c6 2.d4 d5 3.Nf3 Nf6 4.Qc2 dxc4 5.e4 b5 6.b3 cxb3 7.axb3 e6 8.Bd2 a5
9.Bd3 Bb7 10.O-O Be7 11.Bc3 h6 12.Nbd2 Nbd7 13.Ra2 O-O 14.Rfa1 b4 15.Bb2 c5
16.Nc4 a4 17.Rxa4 Rxa4 18.Rxa4 cxd4 19.Bxd4 Bc5 20.Ncd2 Bxd4 21.Nxd4 Qb6
22.Qc4 Nc5 23.Rxb4 Qa5 24.Bf1 Ncxe4 25.Nxe4 Bxe4 26.Nxe6 fxe6 27.Qxe6+ Kh8
28.Rxe4 Nxe4 29.Qxe4 Qd2 30.Qe2 Qxe2 31.Bxe2 Rb8 32.Bc4 Rd8 33.f4 Rd2 34.f5 h5
35.h4 Kh7 36.Kh2 g6 37.f6 Rf2 38.f7 Kg7 39.Kg3 Rf6 40.Kh3 Rf4 41.Kg3  1/2-1/2

[Event "13th Sigeman & Co"]
[Site "Copenhagen/Malmoe DEN"]
[Date "2005.04.17"]
[Round "3"]
[White "Nakamura,H"]
[Black "Hillarp Persson,T"]
[Result "1-0"]
[WhiteElo "2657"]
[BlackElo "2533"]

1.e4 e6 2.d4 d5 3.e5 c5 4.c3 Qb6 5.Nf3 Nc6 6.a3 c4 7.g3 Bd7 8.h4 Na5 9.Nbd2 O-O-O
10.Bh3 f5 11.exf6 gxf6 12.O-O h5 13.Re1 Nh6 14.Nh2 Nf5 15.Bxf5 exf5 16.f4 Bd6
17.Kf2 Rde8 18.Rxe8+ Rxe8 19.Nhf1 Nb3 20.Nxb3 Qxb3 21.Qxb3 cxb3 22.a4 b5
23.a5 b4 24.Bd2 bxc3 25.Bxc3 a6 26.Rc1 Kb7 27.Ne3 Be6 28.Ke2 Rc8 29.Kd3 Rc6
30.Re1 Bf8 31.Nf1 Bd7 32.Nd2 Re6 33.Rxe6 Bxe6 34.Nxb3 Kc6 35.Kc2 Kb5 36.Nd2 Ka4
37.Nf1 Bd6 38.Ne3 Bc7 39.Nd1 Bxa5 40.Bxa5 Kxa5 41.Kb3 Kb6 42.Nc3 a5 43.Ka4 Bd7+
44.Ka3 Bc6 45.Na4+ Kb5 46.Kb3 Bb7 47.Nc3+ Kb6 48.Ka3 Bc6 49.b4 Ka6 50.Kb3 Kb6
51.Na4+ Kb5 52.bxa5 Kxa5 53.Nc5 Be8 54.Ne6 Bf7 55.Nd8 Be8 56.Nb7+ Kb6 57.Nd6 Bd7
58.Kb4 Kc6 59.Nb5 Kb6 60.Nc3 Bc6 61.Nb1 Bd7 62.Nd2 Bb5 63.Nb3 Bd7 64.Nc5 Be8
65.Ne6 Bf7 66.Nf8 Kc6 67.Nh7 Kd6 68.Nxf6 Bg6 69.Ng8 Bf7 70.Nf6 Bg6 71.Ng8 Bf7
72.Nh6 Be6 73.Kb5 Bd7+ 74.Ka5 Be6 75.Kb6 Kd7 76.Kc5 Kc7 77.Nxf5 Bxf5 78.Kxd5 Kd7
79.Ke5 Bg4 80.Kf6 Kd6 81.f5 Kd7 82.Kg6 Bf3 83.d5 Bxd5 84.Kxh5 Ke7 85.Kg5 Kf7
86.g4 Bf3 87.h5 Kg7 88.Kh4 Bd1 89.g5 Bc2 90.h6+ Kh7 91.Kg4 Bb1 92.Kf4 Bc2
93.Ke5 Bd3 94.Ke6 Bc4+ 95.Ke7 Bb3 96.f6 Kg6 97.f7 Bxf7 98.h7 Kxh7 99.Kxf7 Kh8
100.Kg6  1-0

[Event "13th Sigeman & Co"]
[Site "Copenhagen/Malmoe DEN"]
[Date "2005.04.18"]
[Round "4"]
[White "Hermansson,E"]
[Black "Nakamura,H"]
[Result "1/2-1/2"]
[WhiteElo "2432"]
[BlackElo "2657"]

1.e4 c5 2.Nf3 e6 3.d4 cxd4 4.Nxd4 a6 5.Bd3 Nf6 6.O-O Qc7 7.Qe2 d6 8.c4 g6
9.Nc3 Bg7 10.Nf3 Nc6 11.h3 O-O 12.Bf4 Nd7 13.Rac1 Nde5 14.Rfd1 b6 15.Qe3 Rb8
16.Be2 Qe7 17.Bg5 f6 18.Bh6 Nxf3+ 19.Bxf3 e5 20.Bxg7 Kxg7 21.Nd5 Qd8 22.Bg4 Bb7
23.Qxb6 h5 24.Qxd8 Rfxd8 25.Be2 Nd4 26.Rd2 Rdc8 27.Rc3 a5 28.f3 Bxd5 29.exd5 h4
30.Kf2 g5 31.Ra3 Rc5 32.Bd3 f5 33.Ke3 Kf6 34.Rc3 Ke7 35.b3 Rbc8 36.a3 Rxd5
37.b4 axb4 38.axb4 Rb5 39.Rb2 Rb6 40.Ra3 Kf6 41.b5 Ne6 42.Ra7 d5 43.cxd5 Nf4
44.Bf1 Nxd5+ 45.Kf2 e4 46.fxe4 fxe4 47.g3 Ke5 48.gxh4 Rf6+ 49.Kg1 Rc1 50.Rf2 Rxf2
51.Kxf2 e3+ 52.Ke2 gxh4 53.b6 Nf4+ 54.Kxe3 Rxf1 55.Re7+ Kf6 56.Re4 Kf5 57.Rb4 Re1+
58.Kf3 Rf1+ 59.Ke3 Nd5+ 60.Ke2 Nxb4 61.Kxf1 Kf4 62.b7 Nc6 63.Kf2 Nb8 64.Kg2 Ke3
65.Kg1 Kf3 66.Kh2 Kf2 67.Kh1 Kg3 68.Kg1 Kxh3 69.Kh1 Kg3 70.Kg1 Nc6 71.Kh1 h3
72.Kg1 h2+ 73.Kh1 Kh3 74.b8=Q Nxb8  1/2-1/2

[Event "13th Sigeman & Co"]
[Site "Copenhagen/Malmoe DEN"]
[Date "2005.04.20"]
[Round "5"]
[White "Nakamura,H"]
[Black "Iordachescu,V"]
[Result "1/2-1/2"]
[WhiteElo "2657"]
[BlackElo "2609"]

1.c4 e6 2.Nc3 d5 3.d4 Be7 4.cxd5 exd5 5.Nf3 Nf6 6.Bg5 O-O 7.e3 Nbd7 8.Bd3 Re8
9.Qc2 Nf8 10.O-O c6 11.a3 a5 12.Rab1 Bd6 13.Bh4 Bg4 14.Nd2 Bh5 15.Bg3 Bg6
16.b4 Re7 17.Ne2 Bxg3 18.Nxg3 Qd6 19.Rfc1 Ne6 20.Nf3 axb4 21.axb4 Nc7 22.Ne5 Bxd3
23.Nxd3 g6 24.Ra1 Rb8 25.Ra2 Kg7 26.Rca1 h5 27.Nf1 Ne4 28.Nd2 h4 29.h3 g5
30.Nf3 f6 31.Nc5 Qd8 32.Nd2 Nd6 33.Re1 Qe8 34.Qd3 Qh5 35.f3 Rbe8 36.Nf1 Qg6
37.Qxg6+ Kxg6 38.Kf2 Ncb5 39.Rea1 Nc3 40.Ra3 Ncb5 41.Ra8 b6 42.Rxe8 Rxe8
43.Nb3 Nc4 44.Ke2 f5 45.Kd3 Nb2+ 46.Kc2 Nc4 47.Kd3  1/2-1/2

[Event "13th Sigeman & Co"]
[Site "Copenhagen/Malmoe DEN"]
[Date "2005.04.23"]
[Round "8"]
[White "Nakamura,H"]
[Black "Timman,J"]
[Result "1/2-1/2"]
[WhiteElo "2657"]
[BlackElo "2607"]

1.e4 e6 2.d4 d5 3.e5 c5 4.c3 Nc6 5.Nf3 Qb6 6.a3 c4 7.Nbd2 Bd7 8.Be2 Na5 9.Rb1 Ne7
10.O-O h6 11.Re1 O-O-O 12.Qc2 Kb8 13.Nf1 Qb3 14.Bd1 Qxc2 15.Bxc2 Nc8 16.a4 Nb6
17.Ra1 Rc8 18.N3d2 Be7 19.f4 g6 20.Ne3 h5 21.g3 Rhg8 22.h3 Rc6 23.g4 Rh8
24.Nf3 Rcc8 25.Ra2 hxg4 26.hxg4 Rh3 27.Kg2 Rch8 28.Nf1 Nb3 29.a5 Nxc1 30.Rxc1 Nc8
31.Ng3 a6 32.Raa1 Na7 33.Rh1 Rxh1 34.Nxh1 Nc6 35.Nf2 Kc8 36.Nh3 Kd8 37.Nhg5 Ke8
38.Kg3 Bd8 39.Ba4 Nb8 40.b3 cxb3 41.Bxb3 Bc6 42.f5 gxf5 43.gxf5 exf5 44.c4 dxc4
45.Bxc4 Bxf3 46.Nxf7 Rh1 47.Rxh1 Bxh1 48.Nxd8 Kxd8 49.d5 Nd7 50.Kf4 Nc5 51.Kxf5 Ke7
52.Kf4 Bg2 53.Ke3 Ne4 54.Bb3 Ng5 55.Ba2 Nf7 56.Kd4 Bf3 57.Bb1 Bg2 58.Bf5 Kd8
59.Bd3 Bxd5 60.Kxd5 Nxe5 61.Kxe5 Kc7 62.Kd5 b6 63.axb6+ Kxb6 64.Bxa6 Kxa6  1/2-1/2

[Event "HB Global CC"]
[Site "Minneapolis USA"]
[Date "2005.05.18"]
[Round "1"]
[White "Del Pilar,R"]
[Black "Nakamura,H"]
[Result "0-1"]
[WhiteElo "2306"]
[BlackElo "2657"]

1.e4 c5 2.Nf3 d6 3.d4 cxd4 4.Nxd4 Nf6 5.Nc3 a6 6.f4 e5 7.Nf3 Nbd7 8.a4 Be7
9.Bd3 O-O 10.O-O exf4 11.Bxf4 Qb6+ 12.Kh1 Qxb2 13.Qe1 Qb6 14.Be3 Qc7 15.Bd4 Re8
16.Qg3 Nh5 17.Qf2 Ndf6 18.Ng5 Rf8 19.Rae1 h6 20.Nh3 Be6 21.Qh4 Rae8 22.e5 dxe5
23.Rxe5 Rd8  0-1

[Event "HB Global CC"]
[Site "Minneapolis USA"]
[Date "2005.05.19"]
[Round "2"]
[White "Nakamura,H"]
[Black "Zarnicki,P"]
[Result "1-0"]
[WhiteElo "2657"]
[BlackElo "2523"]

1.c4 e6 2.Nc3 Nf6 3.e4 d5 4.e5 d4 5.exf6 dxc3 6.bxc3 Qxf6 7.Nf3 e5 8.Bd3 Bg4
9.Be4 Nc6 10.O-O O-O-O 11.Qa4 Bd7 12.Rb1 Bf5 13.Bxf5+ Qxf5 14.Qb5 Bb4 15.Rxb4 Nxb4
16.cxb4 f6 17.d4 a6 18.Qa5 Qc2 19.Qc5 e4 20.Bf4 Rd7 21.Qa7 Re7 22.Ne1  1-0

[Event "HB Global CC"]
[Site "Minneapolis USA"]
[Date "2005.05.20"]
[Round "4"]
[White "Nakamura,H"]
[Black "Yudasin,L"]
[Result "1/2-1/2"]
[WhiteElo "2657"]
[BlackElo "2538"]

1.e4 c5 2.Nf3 e6 3.d4 cxd4 4.Nxd4 a6 5.Bd3 Bc5 6.Nb3 Ba7 7.O-O Ne7 8.Nc3 Nbc6
9.Qe2 O-O 10.Be3 b5 11.Bxa7 Rxa7 12.Qe3 d6 13.a4 b4 14.Ne2 e5 15.a5 Ra8 16.Bc4 Kh8
17.Rfd1 f5 18.f3 Rf6 19.Rd2 Rb8 20.Rad1 fxe4 21.fxe4 Ng6 22.h3 Qc7 23.Kh1 Nce7
24.Qd3 Qa7 25.c3 Nc6 26.Bd5 bxc3 27.bxc3 Nce7 28.Bc4 Bb7 29.Rb2 Rbf8 30.Nd2 Nc6
31.Ra1 Bc8 32.Bd5 Nce7 33.Rb6 Nh4 34.Qg3 Nhf5 35.Qd3 Nh4 36.Rg1 Qd7 37.Ng3 Neg6
38.Nh5 Rf2 39.Rb8 Qe7 40.Qe3  1/2-1/2

[Event "HB Global CC"]
[Site "Minneapolis USA"]
[Date "2005.05.20"]
[Round "5"]
[White "Ehlvest,J"]
[Black "Nakamura,H"]
[Result "0-1"]
[WhiteElo "2614"]
[BlackElo "2657"]

1.Nf3 Nf6 2.c4 Nc6 3.d4 e6 4.a3 d6 5.Nc3 g6 6.Bg5 Bg7 7.e3 O-O 8.Ne4 Nb8
9.Be2 Nbd7 10.Nc3 b6 11.Qc2 Bb7 12.Rd1 Qe7 13.O-O h6 14.Bh4 g5 15.Bg3 Nh5
16.d5 Nxg3 17.hxg3 Ne5 18.Nxe5 Bxe5 19.Bf3 Rab8 20.Nb5 a6 21.Nd4 Bxd4 22.exd4 Kg7
23.Rfe1 Rbe8 24.Re3 Qd8 25.Rde1 exd5 26.Bxd5 Rxe3 27.Rxe3 Bc8 28.Bc6 Qf6
29.Qd2 Bg4 30.b3 Rh8 31.Bf3 Bd7 32.Bd5 Rf8 33.b4 c6 34.Bf3 Rc8 35.Be2 b5
36.Rf3 Qe7 37.Re3 Qd8 38.Bd3 Qf6 39.Rf3 Qe7 40.Re3 Qd8 41.Qc3 d5 42.c5 a5
43.bxa5 Ra8 44.Bc2 g4  0-1

[Event "HB Global CC"]
[Site "Minneapolis USA"]
[Date "2005.05.21"]
[Round "7"]
[White "Antonio,R"]
[Black "Nakamura,H"]
[Result "1/2-1/2"]
[WhiteElo "2513"]
[BlackElo "2657"]

1.e4 e6 2.d4 d5 3.Nc3 dxe4 4.Nxe4 Bd7 5.Nf3 Bc6 6.Bd3 Nd7 7.Qe2 Be7 8.O-O Ngf6
9.Ng3 O-O 10.Rd1 Bxf3 11.Qxf3 c6 12.b3 Qa5 13.Bb2 Ba3 14.Bc3 Bb4 15.Bb2 Ba3
16.Bc3 Bb4 17.Bb2 Rad8 18.a3 Bd6 19.c4 Rfe8 20.Re1 Qc7 21.Bc2 Bf8 22.Re2 g6
23.Rae1 Bg7 24.h3 b5 25.Bc3 a6 26.Nf1 Nh5 27.Re4 Nhf6 28.R4e2 Rc8 29.g4 Red8
30.Ng3 Ne8 31.Ne4 Nf8 32.Rd1 Qa7 33.Red2 a5 34.a4 bxc4 35.bxc4 Nd6 36.Nxd6 Rxd6
37.Be4 Qa6 38.c5 Rdd8 39.Bd3 Qa8 40.Be4 Nd7 41.g5 Re8 42.h4 e5 43.dxe5 Nxc5
44.Rd7 Rf8 45.R7d6 Qb7 46.Bxc6 Qb3 47.Bd5 Qxa4 48.Rd4 Qe8 49.Rf4 Ne6 50.Rc4 Rxc4
51.Bxc4 Qa4 52.Qg4 Qa3 53.Rd3 Re8 54.Rf3 a4 55.Qe4 Qe7 56.Qc6 Rd8 57.Qxa4 Qb7
58.Be2 Qc7 59.Qc4 Qb8 60.Qe4 Qc7  1/2-1/2

[Event "HB Global CC"]
[Site "Minneapolis USA"]
[Date "2005.05.22"]
[Round "8"]
[White "Nakamura,H"]
[Black "Mitkov,N"]
[Result "1/2-1/2"]
[WhiteElo "2657"]
[BlackElo "2530"]

1.e4 e5 2.Qh5 Nc6 3.Bc4 g6 4.Qf3 Nf6 5.Ne2 d6 6.h3 Bg7 7.d3 Be6 8.Bb3 h6
9.Be3 Bxb3 10.axb3 d5 11.O-O O-O 12.Na3 Kh7 13.b4 a6 14.c3 Qd6 15.Ng3 Rad8
16.Nc2 Qe6 17.Qe2 Rfe8 18.Rad1 Rd7 19.Bc1 Red8 20.Rfe1 Ng8 21.f4 exf4 22.Bxf4 Nf6
23.e5 Ng8 24.d4 f6 25.exf6 Qxe2 26.Rxe2 Nxf6 27.Ne1 a5 28.bxa5 Nxa5 29.Nd3 Rf7
30.Rde1 Ng8 31.Nh1 Nc4 32.Nhf2 Rdf8 33.Bh2 c6 34.Nc5 Ra8 35.Nfd3 Ra2 36.Rb1 Nf6
37.Nb4 Ra8 38.Rbe1 Ng8 39.b3 Nb6 40.Nbd3 Ra3 41.Rb1 Nc8 42.Na4 Nf6 43.Kh1 Ne4
44.Rc2 g5 45.Nac5 Ncd6 46.Ne6 Nb5 47.Nxg7 Rxg7 48.Be5 Rf7 49.c4 dxc4 50.bxc4 Nxd4
51.Bxd4 Rxd3 52.Be5 Re7 53.Bh2 Kg6 54.Rcb2 Rc3 55.Rxb7  1/2-1/2

[Event "33rd World Open"]
[Site "Philadelphia USA"]
[Date "2005.06.01"]
[Round "4"]
[White "Friedel,J"]
[Black "Nakamura,H"]
[Result "0-1"]
[WhiteElo "2425"]
[BlackElo "2657"]

1.e4 e6 2.d4 d5 3.Nc3 dxe4 4.Nxe4 Bd7 5.Nf3 Bc6 6.Bd3 Nd7 7.Qe2 Ngf6 8.Ng3 Bxf3
9.Qxf3 c6 10.O-O Qc7 11.c4 O-O-O 12.Re1 c5 13.d5 Bd6 14.dxe6 Ne5 15.Qf5 fxe6
16.Qxe6+ Kb8 17.Be2 Rhe8 18.Qf5 Nxc4 19.Qc2 Nb6 20.Bd2 h5 21.Bg5 Rh8 22.Bf3 h4
23.Nf5 Bxh2+ 24.Kh1 Rde8 25.Nxg7 Qxg7 26.Qf5 Nh7 27.Bd2 Bc7 28.Bc3 Qg5 29.Qf7 Ref8
30.Qe7 Qxe7 31.Rxe7 Nf6 32.Rae1 Nfd5  0-1

[Event "33rd World Open"]
[Site "Philadelphia USA"]
[Date "2005.06.28"]
[Round "1"]
[White "Nur,N"]
[Black "Nakamura,H"]
[Result "0-1"]
[WhiteElo "2138"]
[BlackElo "2657"]

1.e4 c5 2.Nc3 d6 3.g3 g6 4.Bg2 Bg7 5.d3 Nc6 6.f4 Nh6 7.Nf3 O-O 8.O-O f5 9.h3 Nf7
10.Be3 Nd4 11.a3 Bd7 12.Qd2 Rc8 13.Rab1 Bc6 14.Nd5 e6 15.Bxd4 cxd4 16.Nb4 Ba4
17.exf5 gxf5 18.Rfe1 a5 19.Na2 Bd7 20.Re2 Kh8 21.Rbe1 e5 22.h4 Rg8 23.Kh2 Bh6  0-1

[Event "33rd World Open"]
[Site "Philadelphia USA"]
[Date "2005.06.29"]
[Round "2"]
[White "Nakamura,H"]
[Black "Krush,I"]
[Result "1/2-1/2"]
[WhiteElo "2657"]
[BlackElo "2455"]

1.e4 c5 2.Nc3 Nc6 3.Bb5 Nd4 4.Bc4 e6 5.Nge2 Ne7 6.Nxd4 cxd4 7.Ne2 Nc6 8.O-O g6
9.b4 Bg7 10.Rb1 O-O 11.b5 Na5 12.Bd3 d5 13.f4 Nc4 14.e5 Qb6 15.Kh1 Qc5 16.Bxc4 dxc4
17.d3 Rd8 18.Bd2 b6 19.Ng3 Bb7 20.Qe2 Rac8 21.Bb4 cxd3 22.cxd3 Qc2 23.Rb2 Qxe2
24.Nxe2 Bf8 25.Bxf8 Kxf8 26.Kg1 Rc5 27.a4 g5 28.g3 g4 29.Kf2 h5 30.Rfb1 Bf3
31.h4 Ke7 32.Ng1 Bb7 33.Ke2 a5 34.Kd2 f6 35.exf6+ Kxf6 36.Ne2 Bf3 37.Nc1 e5
38.Nb3 Rcd5 39.fxe5+ Rxe5 40.Re1 Rxe1 41.Kxe1 Ke5 42.Nd2 Bd5 43.Rc2 Rf8 44.Rc7 Kd6
45.Rh7 Re8+ 46.Kf2 Re5 47.Rh6+ Kc5 48.Nc4 Bxc4 49.Rc6+ Kd5 50.dxc4+ Ke4 51.Rxb6 Kd3
52.Rc6 Re2+ 53.Kf1 Rb2 54.b6 Rb1+ 55.Kf2 Rb2+ 56.Kf1 Rb1+ 57.Kf2 Rb2+  1/2-1/2

[Event "33rd World Open"]
[Site "Philadelphia USA"]
[Date "2005.06.30"]
[Round "3"]
[White "Nakamura,H"]
[Black "Dejmek,M"]
[Result "1-0"]
[WhiteElo "2657"]
[BlackElo "2144"]

1.e4 c5 2.Qh5 d6 3.f4 Nc6 4.c3 Nf6 5.Qf3 e5 6.f5 d5 7.d3 b6 8.g4 Bb7 9.g5 dxe4
10.dxe4 Nd7 11.Be3 Qc7 12.Nd2 Nd4 13.cxd4 cxd4 14.Bf2 Qc2 15.Bd3 Qxb2 16.Rb1 Qxa2
17.Qe2 a5 18.Ngf3 Bb4 19.O-O O-O 20.Bc4 d3 21.Qxd3 Nc5 22.Qe3 Qa4 23.g6 Rad8
24.Bxf7+ Kh8 25.f6 Bxd2 26.Nxd2 Nxe4 27.Nxe4 Qxe4 28.Qxe4 Bxe4 29.Rxb6 hxg6  1-0